• 首页
  • 本馆介绍
  • 公告通知
  • 最新文献
  • 馆藏检索
  • 电子资源
  • 读者导购
  • 参考咨询
  • 我的图书馆
  • 登录
  • 详细信息显示
  • 放入我的书架
  • 预约/预借图书
  • 作者相关作品
  • 分类相关作品
  • 丛书相关作品
  • 出版社相关作品

书目信息

  • 表格格式
  • 工作单格式
  • 卡片格式
题名:
艳妇
    
 
作者: 邓蔼梅 著
分册: 下  
出版信息: 西安   太白文艺出版社  1996
页数: 236页
开本: 21cm
丛书名:
单 册:
中图分类: I247.57
科图分类:
主题词: 长篇小说--中国--当代
电子资源:
ISBN: 7-80605-366-2
000 00649nam0 2200241 450
001 0104220587
005 20170808145154.0
010    @a7-80605-366-2@dCNY8.90
011    @a7-80605-366-2
100    @a20170615d1996 em y0chiy0120 ea
101 1  @achi
102    @aCN@b610000
105    @ay z 000ay
106    @ar
200 1  @a艳妇@9Yan Fu @f邓蔼梅著@b专著@h下
210    @a西安@c太白文艺出版社@d1996
215    @a236页@d21cm
300    @a邓蔼梅感性系列
606 0  @a长篇小说@y中国@z当代
690    @aI247.57@v5
701  0 @a邓蔼梅@c(女,@f1941~)@4著@9deng ai mei
801  0 @aCN@bAZmarc@c20230904
905    @aBZT@dI24@e143:2@f2@sI24/143:2
    
    艳妇/邓蔼梅著.下.-西安:太白文艺出版社,1996
    236页;21cm
    邓蔼梅感性系列
    
    ISBN 7-80605-366-2:CNY8.90
    
●
相关链接 在五车中查询图书 在当当中查询图书 在豆瓣中查询图书


正题名:艳妇     索取号:I24/143:2         预约/预借

序号 登录号 条形码 馆藏地/架位号 状态 备注
1 2000102275   2000102275   旧书回溯/ [索取号:I24/143:2] 在馆    
2 2000152096   2000152096   旧书回溯/ [索取号:I24/143:2] 在馆    
山东省滨州职业学院图书馆 欢迎您!
大连网信软件有限公司© 版权所有